"Draft sixth five year plan, 1980-85." (Record no. 698638)
[ view plain ]
| 000 -LEADER | |
|---|---|
| fixed length control field | 00723nam a2200253Ia 4500 |
| 003 - CONTROL NUMBER IDENTIFIER | |
| control field | OSt |
| 005 - DATE AND TIME OF LATEST TRANSACTION | |
| control field | 20220927111106.0 |
| 008 - FIXED-LENGTH DATA ELEMENTS--GENERAL INFORMATION | |
| fixed length control field | 220926b |||||||| |||| 00| 0 eng d |
| 037 ## - SOURCE OF ACQUISITION | |
| Terms of availability | Reports |
| 040 ## - CATALOGING SOURCE | |
| Original cataloging agency | RTL |
| Transcribing agency | RTL |
| Language of cataloging | eng |
| 041 ## - LANGUAGE CODE | |
| Source of code | eng |
| Language code of text/sound track or separate title | eng |
| 110 ## - MAIN ENTRY--CORPORATE NAME | |
| Corporate name or jurisdiction name as entry element | "Bihar, Planning (Deptt)" |
| 9 (RLIN) | 381300 |
| 245 #0 - TITLE STATEMENT | |
| Title | "Draft sixth five year plan, 1980-85." |
| 260 ## - PUBLICATION, DISTRIBUTION, ETC. | |
| Place of publication, distribution, etc. | Patna |
| Name of publisher, distributor, etc. | Secretariate Press India |
| Date of publication, distribution, etc. | 1980 |
| 300 ## - PHYSICAL DESCRIPTION | |
| Extent | 767p. |
| Dimensions | cm. |
| 650 ## - SUBJECT ADDED ENTRY--TOPICAL TERM | |
| Topical term or geographic name entry element | Generalia |
| 700 ## - ADDED ENTRY--PERSONAL NAME | |
| Personal name | "Bihar, Planning (Deptt)" |
| 9 (RLIN) | 381301 |
| 942 ## - ADDED ENTRY ELEMENTS (KOHA) | |
| Classification part | "z.273.N85<--N80t5, M0" |
| Koha item type | |
| Withdrawn status | Lost status | Damaged status | Not for loan | Home library | Current library | Date acquired | Total Checkouts | Full call number | Barcode | Date last seen | Price effective from | Koha item type |
|---|---|---|---|---|---|---|---|---|---|---|---|---|
| Ratan Tata Library | Ratan Tata Library | 2022-09-27 | "z.273.N85<--N80t5 M0" | RT0763745 | 2022-09-27 | 2022-09-27 |
